Con người Việt Nam với triết học Đông Tây

保存先:
書誌詳細
第一著者: Vũ, Gia Hiền
フォーマット: 図書
言語:Undetermined
出版事項: Hà Nội Lao Động 2008
主題:
タグ: タグ追加
タグなし, このレコードへの初めてのタグを付けませんか!
Thư viện lưu trữ: Trung tâm Học liệu Trường Đại học Cần Thơ
LEADER 00801nam a2200217Ia 4500
001 CTU_166978
008 210402s9999 xx 000 0 und d
020 |c 145000 
082 |a 128 
082 |b H305 
100 |a Vũ, Gia Hiền 
245 0 |a Con người Việt Nam với triết học Đông Tây 
245 0 |c Vũ Gia Hiền 
260 |a Hà Nội 
260 |b Lao Động 
260 |c 2008 
650 |a Vietnam,Vietnam,Philosophy,Triết học,Việt Nam,Việt Nam,Philosophy, Western,Triết học Phương Tây 
650 |x Intellectual life,Social conditions,Đời sống tinh thần,Điều kiện xã hội 
650 |z Oriental,Phương Đông 
904 |i Năm 
980 |a Trung tâm Học liệu Trường Đại học Cần Thơ